00792cam a22002411a 45000010008000000030004000080050017000120080041000290100017000700350019000870400033001060420012001390430012001510500017001630820018001801000055001982450088002532600052003413000025003934400031004185040053004496500048005029293049OSt20230608091308.0790328s1948 enk b 000 0 eng  a 49003600  a(OCoLC)4793854 aDLCcCU-SdOCoLCdNNHuCdDLC apremarc af-sj---00aGN652.S5bE8 a572.96242EVA2 aEvans-Pritchard, E. E.q(Edward Evan),d1902-1973.14aThe divine kingship of the Shilluk of the Nilotic Sudan /cby E.E. Evans-Pritchard. aCambridge [England] :bUniversity Press,c1948. a39, [1] p. ;c19 cm. 4aThe Frazer lecture ;v1948 aIncludes bibliographical references (p. 39-[40]) 0aShilluk (African people)xKings and rulers.